Сравнение экспериментальных данных при обработке титановых и жаропрочного сплавов; труды XIII научно-практической конференции, посвященной 100-летию начала учебных занятий в ТПУ

Bibliografiska uppgifter
Parent link:труды XIII научно-практической конференции, посвященной 100-летию начала учебных занятий в ТПУ.— 2000.— С. 96-97.
Huvudupphovsman: Афонасов А. И. Алексей Иванович
Övriga upphovsmän: Ласуков А. А. Александр Александрович
Språk:ryska
Publicerad: 2000
Ämnen:
Materialtyp: Bokavsnitt
KOHA link:https://koha.lib.tpu.ru/cgi-bin/koha/opac-detail.pl?biblionumber=75911

MARC

LEADER 00000naa2a2200000 4500
001 75911
005 20231101212838.0
035 |a (RuTPU)RU\TPU\book\81011 
090 |a 75911 
100 |a 20050405d2000 k y0rusy50 ca 
101 0 |a rus 
102 |a RU 
200 1 |a Сравнение экспериментальных данных при обработке титановых и жаропрочного сплавов  |f А. И. Афонасов, А. А. Ласуков 
463 1 |0 (RuTPU)RU\TPU\book\24541  |t труды XIII научно-практической конференции, посвященной 100-летию начала учебных занятий в ТПУ  |o Филиал ТПУ, Юрга, 27-28 апреля 2000 г  |f ТПУ  |v С. 96-97.  |d 2000  |p 181 с. 
610 1 |a обработка сплавов 
610 1 |a жаропрочные сплавы 
610 1 |a титановые сплавы 
610 1 |a труды учёных ТПУ 
700 1 |a Афонасов  |b А. И.  |c специалист в области машиностроения  |c доцент Томского политехнического университета, кандидат технических наук  |f 1931-  |g Алексей Иванович  |2 stltpush  |3 (RuTPU)RU\TPU\pers\28986 
701 1 |a Ласуков  |b А. А.  |c специалист в области машиностроения  |c доцент Юргинского технологического института (филиала) Томского политехнического университета, кандидат технических наук  |f 1974-  |g Александр Александрович  |2 stltpush  |3 (RuTPU)RU\TPU\pers\24326  |9 10780 
801 1 |a RU  |b 63413507  |c 20050405  |g PSBO 
801 2 |a RU  |b 63413507  |c 20151020  |g PSBO 
942 |c BK